[Event "LSS ZN-2009-0-00611"]
[Site "LSS email"]
[Date "2009.05.20"]
[Round "?"]
[White "Checa, Nicholas de T"]
[Black "Pastorek, Bandi"]
[Result "1-0"]
[WhiteElo "1131"]
[BlackElo "800"]
[PlyCount "43"]
[EventDate "2009.05.14"]
[EventType "match (corr)"]
[EventRounds "2"]
[EventCountry "GER"]
[SourceTitle "Corr 2011"]
[Source "ChessBase"]
[SourceDate "2010.08.31"]
[SourceVersion "1"]
[SourceVersionDate "2010.08.31"]
[SourceQuality "1"]

1. e4 c5 2. c3 e5 3. Nf3 d6 4. Bc4 Be6 5. Bxe6 fxe6 6. d4 Nc6 7. d5 exd5 8. Qxd5 Nf6 9. Qe6+ Qe7 10. Qc4 h5 11. Bg5 a6 12. 0-0 b5 13. Qe2 c4 14. Rd1 0-0-0 15. b3 cxb3 16. axb3 Qf7 17. Rxa6 Qb7 18. Ra3 b4 19. cxb4 Qxb4 20. Ra8+ Kd7 21. Ra3 Be7 22. Nfd2 1-0